ბათუმის შოთა რუსთაველის სახელმწიფო უნივერსიტეტის ბიბლიოთეკა

რჩეული თხზულებანი : 3 ტომად. ტ. 3 (ბიბ.ჩანაწერი № 48892)

000 -LEADER
fixed length control field 00861nam a2200217Ia 4500
001 - CONTROL NUMBER
control field 15795
003 - CONTROL NUMBER IDENTIFIER
control field GE_BSU
008 - FIXED-LENGTH DATA ELEMENTS--GENERAL INFORMATION
fixed length control field 181216s||||||||xx |||||||||||||| ||und||
040 ## - CATALOGING SOURCE
Transcribing agency GE_BSU
080 ## - UNIVERSAL DECIMAL CLASSIFICATION NUMBER
Universal Decimal Classification number 821.353.1 + 821.353.1-31 + 821.353.1-11
100 ## - MAIN ENTRY--PERSONAL NAME
Personal name ჭილაძე, ო. (ოთარ, 1933-2009)
245 ## - TITLE STATEMENT
Title რჩეული თხზულებანი : 3 ტომად. ტ. 3
245 ## - TITLE STATEMENT
Statement of responsibility, etc. რედ.ნ.ინასარიძე. მხატვ. ჯ.ყაველაშვილი
260 ## - PUBLICATION, DISTRIBUTION, ETC.
Place of publication, distribution, etc. თბილისი
260 ## - PUBLICATION, DISTRIBUTION, ETC.
Name of publisher, distributor, etc. საბჭ. საქართველო
260 ## - PUBLICATION, DISTRIBUTION, ETC.
Date of publication, distribution, etc. 1987
300 ## - PHYSICAL DESCRIPTION
Extent 526 გვ.21 სმ
653 ## - INDEX TERM--UNCONTROLLED
Uncontrolled term რომანი: რკინის თეატრი; ლექსები; პოემები
653 ## - INDEX TERM--UNCONTROLLED
Uncontrolled term რჩეული თხზულებანი
942 ## - ADDED ENTRY ELEMENTS (KOHA)
Koha item type წიგნი
ეგზემპლარები
Withdrawn status Lost status Damaged status Not for loan Date acquired Barcode Date last seen Price effective from Koha item type Public note
        2018-12-17 39199 2018-12-17 2018-12-17 წიგნი 10ლ.
        2018-12-17 39200 2018-12-17 2018-12-17 წიგნი